| 000 | 00899cam a22002775a 4500 | ||
|---|---|---|---|
| 001 | 13524410 | ||
| 005 | 20160313144232.0 | ||
| 008 | 040316t2005 gw a frb 001 0 eng d | ||
| 020 | _a3540401865 | ||
| 020 | _a9783540401865 | ||
| 040 |
_aDLC _beng _cDLC _dDLC _dEG-ScBUE |
||
| 082 | 0 | 4 |
_222 _a620.5 _bMAG |
| 245 | 0 | 0 |
_aMagnetic microscopy of nanostructures / _c[editors] H. Hopster, H. P. Oepen. |
| 260 |
_aBerlin : _bSpringer, _cc.2005. |
||
| 300 |
_axvi, 313 p. : _bill. ; _c24 cm. |
||
| 490 | 0 |
_aNanoscience and technology ; _v1434-4904 |
|
| 500 | _aIndex : p. [309]-313. | ||
| 504 | _aIncludes bibliographical references. | ||
| 650 | 0 |
_aMicroscopy _xTechnique. _2BUEsh _96191 |
|
| 650 | 0 |
_aSpectrum analysis. _2BUEsh |
|
| 650 | 0 |
_aMagnetic structure. _2BUEsh |
|
| 653 |
_bPPhrm _cMarch2016 |
||
| 700 | 1 |
_aHopster, H. _q(Herbert), _eeditor. |
|
| 700 | 1 |
_aOepen, H. P., _eeditor. |
|
| 942 | _2ddc | ||
| 999 |
_c21386 _d21358 |
||